Jornal de Elvas (Registo nº 196051)
[ vista simples ]
| 000 -Etiqueta do registo | |
|---|---|
| Valores | 01044nam 22001813 4500 |
| 011 ## - Número ISSN | |
| Modalidade de aquisição e/ou preço | oferta |
| 100 ## - Dados gerais de processamento | |
| Dados gerais | 20250508d u||y0pory50 ba |
| 200 ## - Titulo e menção de responsabilidade | |
| Título próprio | Jornal de Elvas |
| Informação de outro título | seminário regionalista |
| Primeira menção de responsabilidade | diretores Francisco António Teixeira Boaventura, Dr. José de Melo e Sousa) |
| Outras menções de responsabilidade | Propriedade e administrador Álvaro Santos |
| 210 ## - Publicação | |
| Local de publicação | Elvas |
| Nome do editor | Armando Santos |
| Data de publicação | 1945-1946 |
| 215 ## - Descrição física | |
| Paginação / Volumes | 4 p. |
| Outras indicações físicas | il. ; brochado |
| Dimensões | 45 cm |
| 300 ## - Notas gerais | |
| Texto da nota | Jornais:<br/>Ainda o jôgo de Montemor- Sport L. e Elvas . -nº 853, 1945. - 4 p.<br/>A bola : Campeonato nacional- II divisão : o sport Lisboa e Elvas com a vitória sôbre o União de Montemorpor 4-1, assegurou definitivamente o título de campeão da sua Zona. -nº 856, 1945 - p.4<br/>A bola : os "leões" são campeões da série 14: em Montemor-o-Novo, o Sporting Club Elvense derrotou o «União» por 1-0. - nº 914. - 1946 <br/> |
| 606 ## - Nome comum usado como assunto | |
| ID Autoridade | 12097 |
| Palavra de ordem | Periódicos de Elvas |
| Subdivisão assunto | 1945-1946 |
| 675 ## - CDU | |
| Notação | 050 |
| Edição | PT |
| Língua | por |
| 801 ## - Fonte de origem | |
| País | PT |
| Agência | BMMN |
| Regras de catalogação | RPC |
| 830 ## - Notas gerais do catalogador | |
| Data de criação | 08-05-2025 |
| Data de indexação | 08-05-2025 |
| 990 ## - Elementos KOHA | |
| Tipo de documento | Jornais e Revistas |
| Aquisição | Código de barras | Cota | Permissão de empréstimo | Tipo de documento | Empréstimo | Forma de aquisição |
|---|---|---|---|---|---|---|
| Biblioteca Municipal de Montemor-o-Novo | 23808 | 050 JOR|DEP 3 | Jornais e Revistas | Biblioteca Municipal de Montemor-o-Novo | Oferta |